| 000 | 00944nam a22002297a 4500 | ||
|---|---|---|---|
| 005 | 20240524112238.0 | ||
| 010 | _aHIN-127700 | ||
| 020 |
_c499.000 _a9789389245189 |
||
| 035 | _aHN-100046 | ||
| 037 | _bDBAD | ||
| 082 | _a821 | ||
| 100 |
_aमैत्रेय, राहिब _966821 |
||
| 245 |
_aआँखों देखा हाल/ _cराहिब मैत्रेय |
||
| 250 | _aप्रथम | ||
| 260 |
_aलखनऊ _bदिव्यांश पब्लिकेशन्स _c2021 |
||
| 270 |
_aC-1-30, अंसल ए. पी. आई, सुशांत गोल्फ सिटी _bलखनऊ _e226030 _k8318363261, 9415185960 |
||
| 300 |
_a128पृ. _c23सेमी (सजिल्द) |
||
| 500 | _aदोहा/रुबाई/कित्आत/मुक्तक संग्रह | ||
| 700 | _961637 | ||
| 700 |
_a _961638 |
||
| 942 |
_2ddc _cHN _h821 _mमैत्रेय |
||
| 999 |
_c203211 _d203211 |
||